00346 2200145 4500001002100000005001500021035002000036245004600056100001000102250000600112260003600118082000800154084001400162990002400176INLIS00000000000248120250604110817 a0010-06250000671 aTenggelamnya Kapal Van Der Wijck /cHamka0 aHamka a1 aJakarta :bBulan Bintang,c2002 a813 a813 HAM t a02.1780 s/d 02.1789